000 01005nam a2200469Ia 4500
001 11923
003 23376
005 20250227111356.0
008 ||||||n9999 ||| || ||
041 _aspa
082 _219
_a938.08
100 _aWilcken, Ulrich
_919850
245 0 _aHistoria de Grecia
_ben la perspectiva del mundo antiguo
250 _a3 ed
260 _aEspaña :
_bEdiciones Pegaso,
_c1959.
300 _a458p
562 _e1
650 0 _aEDAD ANTIGUA
_919842
650 _aGRECIA
_91481
650 0 _aHistoria política
_91134
942 _cBKM
999 _c11923
_d11923
526 _a
526 _a17598
526 _a102617
526 _a102618
526 _a15794
526 _a102619
526 _a1703
526 _a102620
526 _a10406
526 _a105630
526 _a1698
526 _a116204
526 _a51868
526 _a4969
526 _a19790
526 _a104436
526 _a5144
526 _a1697
526 _a3899
526 _a9683